[Event "Krasnodar November-A"]
[Site "Krasnodar"]
[Date "2009.11.12"]
[Round "7"]
[White "Davydovskiy, Igor"]
[Black "Chigrinova, Alla"]
[Result "1/2-1/2"]
[WhiteElo "2069"]
[BlackElo "1709"]
[PlyCount "48"]
[EventDate "2009.11.07"]
[EventType "tourn"]
[EventRounds "9"]
[EventCountry "RUS"]
[SourceTitle "EXT 2012"]
[Source "ChessBase"]
[SourceDate "2011.11.24"]
[SourceVersion "1"]
[SourceVersionDate "2011.11.24"]
[SourceQuality "1"]

1. e4 c5 2. Nc3 Nc6 3. g3 g6 4. d3 Bg7 5. Be3 d6 6. Qd2 e6 7. Bg2 Bd7 8. Nge2 Nf6 9. Bh6 0-0 10. Bxg7 Kxg7 11. 0-0 Nd4 12. f4 Bc6 13. Rae1 d5 14. exd5 Nxd5 15. Bxd5 Bxd5 16. Nxd5 Qxd5 17. Nxd4 cxd4 18. Re5 Qd6 19. Qf2 Rac8 20. Rfe1 Rc5 21. Rxc5 Qxc5 22. Qf3 Rc8 23. Qxb7 Qxc2 24. Qxa7 Qxd3 1/2-1/2

[Event "Krasnodar November-A"]
[Site "Krasnodar"]
[Date "2009.11.12"]
[Round "8"]
[White "Sluzhilov, Aleksandr"]
[Black "Davydovskiy, Igor"]
[Result "0-1"]
[WhiteElo "2007"]
[BlackElo "2069"]
[PlyCount "66"]
[EventDate "2009.11.07"]
[EventType "tourn"]
[EventRounds "9"]
[EventCountry "RUS"]
[SourceTitle "EXT 2012"]
[Source "ChessBase"]
[SourceDate "2011.11.24"]
[SourceVersion "1"]
[SourceVersionDate "2011.11.24"]
[SourceQuality "1"]

1. e4 e5 2. Nf3 Nc6 3. Bc4 Be7 4. d4 exd4 5. Nxd4 d6 6. Nxc6 bxc6 7. Nc3 Bf6 8. Qf3 Ne7 9. 0-0 0-0 10. Bb3 Ba6 11. Re1 Ng6 12. Ne2 c5 13. c3 Ne5 14. Qe3 Bh4 15. g3 Bg5 16. f4 Bh6 17. Rd1 Kh8 18. Qf2 Nd3 19. Qf3 c4 20. Bc2 f5 21. exf5 Rb8 22. Bxd3 cxd3 23. Nd4 Qc8 24. g4 g6 25. g5 c5 26. Nb3 gxf5 27. gxh6 Rg8+ 28. Kf2 Bb7 29. Qxd3 Qd8 30. Qh3 Rg2+ 31. Kf1 Qg8 32. c4 Rc2 33. Qg3 Qxc4+ 0-1

[Event "Krasnodar November-A"]
[Site "Krasnodar"]
[Date "2009.11.11"]
[Round "6"]
[White "Frolov, Lev"]
[Black "Davydovskiy, Igor"]
[Result "1/2-1/2"]
[WhiteElo "1742"]
[BlackElo "2069"]
[PlyCount "68"]
[EventDate "2009.11.07"]
[EventType "tourn"]
[EventRounds "9"]
[EventCountry "RUS"]
[SourceTitle "EXT 2012"]
[Source "ChessBase"]
[SourceDate "2011.11.24"]
[SourceVersion "1"]
[SourceVersionDate "2011.11.24"]
[SourceQuality "1"]

1. e4 e5 2. Nf3 Nf6 3. Nxe5 d6 4. Nf3 Nxe4 5. Qe2 Qe7 6. d3 Nf6 7. Bg5 Qxe2+ 8. Bxe2 Be7 9. Nc3 c6 10. 0-0-0 h6 11. Bh4 Nbd7 12. Rde1 0-0 13. Bd1 Re8 14. Ne4 Nxe4 15. Rxe4 Kf8 16. Rhe1 Nf6 17. Bxf6 gxf6 18. h3 Bf5 19. R4e2 d5 20. Nd4 Bg6 21. Kd2 Bd6 22. Rxe8+ Rxe8 23. Rxe8+ Kxe8 24. Bg4 Be5 25. c3 c5 26. Nf5 Bxf5 27. Bxf5 Ke7 28. Ke3 d4+ 29. Kd2 dxc3+ 30. bxc3 b6 31. g4 Bf4+ 32. Ke2 Kd6 33. Kf3 Bd2 34. c4 Bc3 1/2-1/2

[Event "Krasnodar November-A"]
[Site "Krasnodar"]
[Date "2009.11.10"]
[Round "5"]
[White "Davydovskiy, Igor"]
[Black "Airapetian, Valentin"]
[Result "0-1"]
[WhiteElo "2069"]
[BlackElo "1934"]
[PlyCount "20"]
[EventDate "2009.11.07"]
[EventType "tourn"]
[EventRounds "9"]
[EventCountry "RUS"]
[SourceTitle "EXT 2012"]
[Source "ChessBase"]
[SourceDate "2011.11.24"]
[SourceVersion "1"]
[SourceVersionDate "2011.11.24"]
[SourceQuality "1"]

1. e4 c5 2. Nf3 d6 3. Bb5+ Bd7 4. Bxd7+ Nxd7 5. c3 Ngf6 6. Qe2 Qc7 7. d4 cxd4 8. cxd4 Qxc1+ 9. Qd1 Qxd1+ 10. Kxd1 Nxe4 0-1

[Event "Volgodonsk op"]
[Site "Volgodonsk"]
[Date "2007.07.27"]
[Round "9"]
[White "Kovtun, Sergei"]
[Black "Davydovskiy, Igor"]
[Result "0-1"]
[WhiteElo "2282"]
[BlackElo "1998"]
[PlyCount "84"]
[EventDate "2007.07.19"]
[EventType "swiss"]
[EventRounds "9"]
[EventCountry "RUS"]
[SourceTitle "EXT 2010"]
[Source "ChessBase"]
[SourceDate "2010.11.25"]
[SourceVersion "1"]
[SourceVersionDate "2010.11.25"]
[SourceQuality "1"]

1. e4 e5 2. Bc4 Nf6 3. Qf3 Nc6 4. Ne2 d6 5. h3 Be6 6. d3 Qd7 7. Bd2 Be7 8. Nbc3 0-0 9. g4 Nd4 10. Nxd4 exd4 11. Nd5 Ne8 12. Nxe7+ Qxe7 13. Bb3 c5 14. 0-0 Nc7 15. Rae1 Qd7 16. Qg3 a5 17. f4 a4 18. Bxe6 fxe6 19. f5 Rae8 20. Bf4 Rd8 21. Bg5 Rde8 22. f6 e5 23. fxg7 Rxf1+ 24. Rxf1 Ne6 25. Bh6 Nxg7 26. Bxg7 Qxg7 27. Qh4 Rf8 28. Rf5 h6 29. Kg2 b5 30. b3 a3 31. Qh5 b4 32. Kg3 Rf6 33. Qe8+ Kh7 34. Qd8 Rxf5 35. exf5 Qg5 36. Qxg5 hxg5 37. h4 gxh4+ 38. Kxh4 d5 39. g5 e4 40. dxe4 dxe4 41. Kh5 e3 42. g6+ Kg8 0-1

[Event "Volgodonsk op"]
[Site "Volgodonsk"]
[Date "2007.07.19"]
[Round "1"]
[White "Kabarukhin, Andrey"]
[Black "Davydovskiy, Igor"]
[Result "1-0"]
[WhiteElo "2258"]
[BlackElo "1998"]
[PlyCount "92"]
[EventDate "2007.07.19"]
[EventType "swiss"]
[EventRounds "9"]
[EventCountry "RUS"]
[SourceTitle "EXT 2010"]
[Source "ChessBase"]
[SourceDate "2010.11.25"]
[SourceVersion "1"]
[SourceVersionDate "2010.11.25"]
[SourceQuality "1"]

1. e4 c6 2. d4 d5 3. exd5 cxd5 4. c3 g6 5. Nf3 Nc6 6. Bf4 Bg7 7. h3 Nf6 8. Nbd2 0-0 9. Bd3 Ne8 10. 0-0 f6 11. Re1 Nd6 12. Bg3 Nf7 13. b4 Re8 14. b5 Na5 15. c4 dxc4 16. Nxc4 Bd7 17. Nxa5 Qxa5 18. Qb3 e6 19. Bc4 Nd8 20. Rac1 Rc8 21. a4 Bf8 22. Rb1 Kg7 23. Bf4 Qb6 24. Rbc1 Nf7 25. g3 Nd6 26. Bxe6 Rxc1 27. Bxc1 Qc7 28. Bf4 g5 29. Bxd6 Qxd6 30. Bxd7 Rxe1+ 31. Nxe1 Qxd7 32. Qc4 Be7 33. Ng2 Bd8 34. Ne3 Bb6 35. g4 Bc7 36. Nf5+ Kf8 37. Qc5+ Kf7 38. Qxa7 Qd5 39. Qc5 Qxc5 40. dxc5 Ke6 41. Kg2 Kd5 42. c6 b6 43. Kf3 Kc4 44. Ke4 Kb4 45. Kd5 Kxa4 46. Kc4 Ka5 1-0

[Event "Krasnodar"]
[Site "Krasnodar"]
[Date "2006.03.??"]
[Round "?"]
[White "Davydovskiy, Igor"]
[Black "Bondarev, Boris"]
[Result "0-1"]
[WhiteElo "2093"]
[BlackElo "1928"]
[PlyCount "52"]
[EventDate "2006.03.??"]
[EventType "tourn"]
[EventRounds "9"]
[EventCountry "RUS"]
[SourceTitle "CBM 111 Extra"]
[Source "ChessBase"]
[SourceDate "2006.05.09"]
[SourceVersion "1"]
[SourceVersionDate "2006.05.09"]
[SourceQuality "1"]

1. e4 e5 2. Nf3 Nc6 3. Bb5 f5 4. Bxc6 bxc6 5. d3 d6 6. Nc3 Nf6 7. Qe2 Be7 8. d4 fxe4 9. Nxe4 0-0 10. dxe5 Nxe4 11. Qxe4 d5 12. Qd3 a5 13. Be3 c5 14. 0-0-0 d4 15. Qb3+ Kh8 16. c3 a4 17. Qc2 Bf5 18. Qd2 dxe3 19. Qxe3 Qc8 20. h3 Qb7 21. Rhg1 h6 22. Qe2 Rab8 23. g3 Be4 24. Ne1 Rxf2 25. Qxf2 Bg5+ 26. Rd2 Rd8 0-1

[Event "Krasnodar"]
[Site "Krasnodar"]
[Date "2006.03.??"]
[Round "?"]
[White "Poliakov, Yury"]
[Black "Davydovskiy, Igor"]
[Result "1/2-1/2"]
[WhiteElo "2196"]
[BlackElo "2093"]
[PlyCount "116"]
[EventDate "2006.03.??"]
[EventType "tourn"]
[EventRounds "9"]
[EventCountry "RUS"]
[SourceTitle "CBM 111 Extra"]
[Source "ChessBase"]
[SourceDate "2006.05.09"]
[SourceVersion "1"]
[SourceVersionDate "2006.05.09"]
[SourceQuality "1"]

1. d4 Nf6 2. c4 g6 3. Nc3 d5 4. Bg5 Ne4 5. Bh4 Nxc3 6. bxc3 Bg7 7. cxd5 Qxd5 8. Qb3 Be6 9. Qa3 Qd6 10. Qb2 Qb6 11. Qd2 Bc4 12. Nf3 Nd7 13. e3 Bxf1 14. Kxf1 Nf6 15. Bxf6 Bxf6 16. Ke2 0-0 17. Rhb1 Qa6+ 18. Qd3 Qxd3+ 19. Kxd3 b6 20. a4 Rfd8 21. Ke2 e6 22. a5 Kf8 23. Ra2 Rab8 24. axb6 axb6 25. Ra7 Rdc8 26. Nd2 Ra8 27. Rba1 Rxa7 28. Rxa7 Ke7 29. Nc4 Kd8 30. Na3 Be7 31. Nc4 f6 32. Kd3 Rb8 33. e4 Kd7 34. Nd2 Bd6 35. g3 Kc6 36. f4 Be7 37. c4 Rd8 38. Kc3 Kd7 39. Nf3 Kc8 40. e5 Kb8 41. Ra2 f5 42. Rd2 c6 43. Kb3 Kb7 44. Ra2 c5 45. Rd2 cxd4 46. Rxd4 Kc7 47. Rxd8 Kxd8 48. Ka4 Kd7 49. Kb5 Bc5 50. Ng5 h6 51. Nf3 Be3 52. Kb4 g5 53. fxg5 hxg5 54. h3 g4 55. hxg4 fxg4 56. Nh2 Bf2 57. Kb5 Bxg3 58. Nxg4 Kc7 1/2-1/2